[Event "Scandicserien-2015/16"]
[Site "Oslo"]
[Date "2016.03.06"]
[Round "9.28"]
[White "Strand, Hakon"]
[Black "Gabrielsen, Stig"]
[Result "1/2-1/2"]
[BlackElo "2330"]
[WhiteElo "2170"]
[WhiteTeam "Stavanger"]
[BlackTeam "Bergens"]
[LiveChessVersion "1.4.6"]

1. d4 {[%clk 1:30:39]} Nf6 {[%clk 1:30:13]} 2. c4 {[%clk 1:30:53]} e6
{[%clk 1:29:24]} 3. Nf3 {[%clk 1:31:09]} b6 {[%clk 1:28:26]} 4. g3
{[%clk 1:29:43]} Ba6 {[%clk 1:28:04]} 5. Nbd2 {[%clk 1:27:52]} Bb4
{[%clk 1:24:03]} 6. Qb3 {[%clk 1:22:40]} c5 {[%clk 1:20:27]} 7. Bg2
{[%clk 1:12:46]} O-O {[%clk 1:08:06]} 8. O-O {[%clk 1:07:37]} Nc6
{[%clk 1:05:13]} 9. Qa4 {[%clk 0:57:39]} Bb7 {[%clk 0:59:17]} 10. dxc5
{[%clk 0:49:36]} Bxc5 {[%clk 0:58:47]} 11. Nb3 {[%clk 0:48:14]} Be7
{[%clk 0:54:28]} 12. Rd1 {[%clk 0:45:11]} Qc7 {[%clk 0:49:57]} 13. Bf4
{[%clk 0:43:49]} d6 {[%clk 0:42:03]} 14. c5 {[%clk 0:42:57]} e5 {[%clk 0:39:41]}
15. cxd6 {[%clk 0:42:48]} Bxd6 {[%clk 0:40:03]} 16. Bg5 {[%clk 0:39:06]} Be7
{[%clk 0:35:51]} 17. Rac1 {[%clk 0:37:40]} Rfd8 {[%clk 0:33:57]} 18. Nbd2
{[%clk 0:36:09]} h6 {[%clk 0:29:19]} 19. Bxf6 {[%clk 0:27:39]} Bxf6
{[%clk 0:29:30]} 20. Nf1 {[%clk 0:27:06]} Rxd1 {[%clk 0:27:50]} 21. Rxd1
{[%clk 0:27:18]} e4 {[%clk 0:15:25]} 22. Qxe4 {[%clk 0:25:21]} Bxb2
{[%clk 0:15:08]} 23. Qc2 {[%clk 0:24:23]} Ba3 {[%clk 0:14:29]} 24. Nd4
{[%clk 0:20:27]} Bc5 {[%clk 0:13:08]} 25. Nf5 {[%clk 0:18:25]} Ne7
{[%clk 0:07:55]} 26. Nxe7+ {[%clk 0:13:10]} Qxe7 {[%clk 0:08:16]} 27. Bxb7
{[%clk 0:13:12]} Qxb7 {[%clk 0:08:40]} 28. Qd3 {[%clk 0:13:18]} Re8
{[%clk 0:08:14]} 29. Nd2 {[%clk 0:11:08]} Qe7 {[%clk 0:07:04]} 30. Nb3
{[%clk 0:02:26]} Qxe2 {[%clk 0:07:08]} 31. Nxc5 {[%clk 0:02:48]} bxc5
{[%clk 0:07:09]} 32. Qd7 {[%clk 0:01:25]} Qe7 {[%clk 0:03:50]} 33. Qb5
{[%clk 0:01:47]} Rc8 {[%clk 0:03:28]} 34. Qc4 {[%clk 0:01:17]} Qe6
{[%clk 0:03:43]} 35. Rd5 {[%clk 0:01:25]} g6 {[%clk 0:03:31]} 36. Kg2
{[%clk 0:01:14]} h5 {[%clk 0:03:40]} 37. h4 {[%clk 0:01:07]} Qg4 {[%clk 0:03:26]}
38. Qd3 {[%clk 0:00:54]} c4 {[%clk 0:03:15]} 39. Rd8+ {[%clk 0:00:57]} Kh7
{[%clk 0:01:12]} 40. Qd5 {[%clk 0:00:47]} Rxd8 {[%clk 0:01:18]} 41. Qxd8
{[%clk 0:00:59]} Qe4+ {[%clk 0:28:01]} 42. Kf1 {[%clk 0:27:23]} c3
{[%clk 0:25:27]} 43. Qc7 {[%clk 0:25:25]} Qd3+ {[%clk 0:25:20]} 44. Kg2
{[%clk 0:24:56]} Qd5+ {[%clk 0:18:17]} 45. Kf1 {[%clk 0:22:02]} Qxa2
{[%clk 0:15:19]} 46. Qxc3 {[%clk 0:22:15]} a5 {[%clk 0:15:45]} 47. Qc5
{[%clk 0:13:57]} a4 {[%clk 0:15:48]} 48. g4 {[%clk 0:11:45]} hxg4
{[%clk 0:16:07]} 49. h5 {[%clk 0:12:01]} Qb1+ {[%clk 0:15:12]} 50. Kg2
{[%clk 0:11:18]} Qe4+ {[%clk 0:14:05]} 51. Kg1 {[%clk 0:11:29]} Kg7
{[%clk 0:06:41]} 52. Qc3+ {[%clk 0:09:24]} f6 {[%clk 0:06:37]} 53. h6+
{[%clk 0:09:02]} Kxh6 {[%clk 0:06:57]} 54. Qxf6 {[%clk 0:09:19]} Qb1+
{[%clk 0:05:32]} 55. Kg2 {[%clk 0:09:18]} Qb7+ {[%clk 0:05:19]} 56. Kg1
{[%clk 0:09:31]} Qb1+ {[%clk 0:03:21]} 57. Kg2 {[%clk 0:09:54]} Qe4+
{[%clk 0:02:08]} 58. Kg1 {[%clk 0:10:17]} Qa8 {[%clk 0:01:23]} 59. Qh4+
{[%clk 0:10:02]} Kg7 {[%clk 0:01:47]} 60. Qe7+ {[%clk 0:10:19]} Kg8
{[%clk 0:01:53]} 61. Qe6+ {[%clk 0:10:22]} Kg7 {[%clk 0:01:56]} 1/2-1/2

[Event "Scandicserien-2015/16"]
[Site "Oslo"]
[Date "2016.03.06"]
[Round "9.29"]
[White "Haldorsen, Benjamin"]
[Black "Varley, Nicolas"]
[Result "1-0"]
[BlackElo "2115"]
[WhiteElo "2268"]
[WhiteTeam "Bergens"]
[BlackTeam "Stavanger"]
[LiveChessVersion "1.4.6"]

1. e4 {[%clk 1:27:40]} c5 {[%clk 1:30:57]} 2. Nf3 {[%clk 1:27:31]} d6
{[%clk 1:31:23]} 3. d4 {[%clk 1:27:45]} cxd4 {[%clk 1:31:49]} 4. Nxd4
{[%clk 1:28:06]} Nf6 {[%clk 1:32:16]} 5. Nc3 {[%clk 1:27:56]} a6 {[%clk 1:32:42]}
6. Be3 {[%clk 1:27:38]} e5 {[%clk 1:33:07]} 7. Nb3 {[%clk 1:27:39]} Be6
{[%clk 1:33:33]} 8. f3 {[%clk 1:27:35]} Be7 {[%clk 1:33:57]} 9. Qd2
{[%clk 1:27:54]} O-O {[%clk 1:34:20]} 10. O-O-O {[%clk 1:27:27]} Nbd7
{[%clk 1:34:48]} 11. g4 {[%clk 1:27:38]} b5 {[%clk 1:35:14]} 12. g5
{[%clk 1:28:01]} b4 {[%clk 1:35:42]} 13. Ne2 {[%clk 1:28:14]} Ne8
{[%clk 1:36:08]} 14. f4 {[%clk 1:28:12]} a5 {[%clk 1:36:36]} 15. f5
{[%clk 1:28:34]} a4 {[%clk 1:37:03]} 16. fxe6 {[%clk 1:28:22]} axb3
{[%clk 1:37:18]} 17. cxb3 {[%clk 1:28:40]} fxe6 {[%clk 1:34:24]} 18. Kb1
{[%clk 1:28:11]} Rf3 {[%clk 1:21:18]} 19. Nc1 {[%clk 1:11:18]} Qa5
{[%clk 1:16:09]} 20. Bg2 {[%clk 1:09:43]} Rf8 {[%clk 1:09:45]} 21. Rhf1
{[%clk 1:04:44]} Nc7 {[%clk 1:10:08]} 22. h4 {[%clk 0:55:43]} Rxf1
{[%clk 0:58:02]} 23. Rxf1 {[%clk 0:54:45]} Rf8 {[%clk 0:58:28]} 24. Rd1
{[%clk 0:51:11]} Ra8 {[%clk 0:41:10]} 25. h5 {[%clk 0:50:24]} Qb5
{[%clk 0:37:54]} 26. Qc2 {[%clk 0:35:43]} Qb7 {[%clk 0:20:37]} 27. Rf1
{[%clk 0:26:49]} Rf8 {[%clk 0:19:39]} 28. Rxf8+ {[%clk 0:25:47]} Nxf8
{[%clk 0:19:25]} 29. Nd3 {[%clk 0:24:27]} g6 {[%clk 0:17:46]} 30. hxg6
{[%clk 0:20:26]} Nxg6 {[%clk 0:17:38]} 31. Qc4 {[%clk 0:11:04]} d5
{[%clk 0:15:17]} 32. Qc2 {[%clk 0:11:05]} dxe4 {[%clk 0:08:49]} 33. Nc5
{[%clk 0:08:53]} Bxc5 {[%clk 0:07:59]} 34. Bxc5 {[%clk 0:09:07]} Nd5
{[%clk 0:05:21]} 35. Bxe4 {[%clk 0:09:03]} Qf7 {[%clk 0:05:12]} 36. a4
{[%clk 0:06:23]} bxa3 {[%clk 0:04:15]} 37. bxa3 {[%clk 0:06:44]} Kg7
{[%clk 0:03:36]} 38. Kb2 {[%clk 0:06:47]} Qf4 {[%clk 0:02:56]} 39. a4
{[%clk 0:05:04]} Qxg5 {[%clk 0:02:38]} 40. a5 {[%clk 0:04:49]} Qd8
{[%clk 0:02:23]} 41. a6 {[%clk 0:04:32]} Qa5 {[%clk 0:30:00]} 42. a7
{[%clk 0:31:24]} Ngf4 {[%clk 0:29:08]} 43. Bxh7 {[%clk 0:26:57]} Nf6
{[%clk 0:23:39]} 44. Bb6 {[%clk 0:22:03]} Qd5 {[%clk 0:22:30]} 45. Qc7+
{[%clk 0:18:45]} Kh6 {[%clk 0:22:05]} 46. Bc2 {[%clk 0:18:03]} Qg2
{[%clk 0:19:49]} 47. Qd8 {[%clk 0:16:51]} N6d5 {[%clk 0:19:36]} 48. Qh8+
{[%clk 0:17:01]} 1-0

[Event "Scandicserien-2015/16"]
[Site "Oslo"]
[Date "2016.03.06"]
[Round "9.30"]
[White "Kyrkjebo, Erlend"]
[Black "Martinsen, Stig K"]
[Result "0-1"]
[BlackElo "2201"]
[WhiteElo "2083"]
[WhiteTeam "Stavanger"]
[BlackTeam "Bergens"]
[LiveChessVersion "1.4.6"]

1. e4 {[%clk 1:30:54]} c5 {[%clk 1:27:38]} 2. Nf3 {[%clk 1:30:16]} g6
{[%clk 1:26:56]} 3. d4 {[%clk 1:29:27]} cxd4 {[%clk 1:27:16]} 4. Nxd4
{[%clk 1:28:59]} Bg7 {[%clk 1:27:10]} 5. c4 {[%clk 1:28:35]} Nc6 {[%clk 1:27:21]}
6. Be3 {[%clk 1:26:19]} Nf6 {[%clk 1:27:18]} 7. Nc3 {[%clk 1:25:33]} O-O
{[%clk 1:27:27]} 8. Be2 {[%clk 1:25:28]} d6 {[%clk 1:27:06]} 9. O-O
{[%clk 1:23:46]} Nxd4 {[%clk 1:26:19]} 10. Bxd4 {[%clk 1:23:39]} Bd7
{[%clk 1:26:31]} 11. Qd2 {[%clk 1:20:59]} Bc6 {[%clk 1:26:40]} 12. f3
{[%clk 1:20:49]} Nd7 {[%clk 1:26:07]} 13. Be3 {[%clk 1:15:13]} a5
{[%clk 1:25:58]} 14. b3 {[%clk 1:12:46]} Nc5 {[%clk 1:15:53]} 15. Rab1
{[%clk 1:09:08]} e6 {[%clk 1:09:47]} 16. Rbc1 {[%clk 0:51:25]} Be5
{[%clk 1:06:23]} 17. Rfd1 {[%clk 0:45:04]} Qh4 {[%clk 0:22:00]} 18. g3
{[%clk 0:44:23]} Qe7 {[%clk 0:13:35]} 19. Bd4 {[%clk 0:33:01]} Rfd8
{[%clk 0:08:09]} 20. Qe3 {[%clk 0:28:24]} Bxd4 {[%clk 0:07:40]} 21. Rxd4
{[%clk 0:27:46]} e5 {[%clk 0:07:03]} 22. Rd2 {[%clk 0:27:05]} Ne6
{[%clk 0:07:21]} 23. Bf1 {[%clk 0:23:31]} Nd4 {[%clk 0:05:56]} 24. Ne2
{[%clk 0:22:10]} Ne6 {[%clk 0:05:49]} 25. Rcd1 {[%clk 0:16:10]} Qc7
{[%clk 0:03:46]} 26. Bh3 {[%clk 0:10:07]} Nc5 {[%clk 0:03:14]} 27. Nc3
{[%clk 0:08:47]} Qe7 {[%clk 0:01:34]} 28. Nd5 {[%clk 0:04:05]} Bxd5
{[%clk 0:00:39]} 29. Rxd5 {[%clk 0:04:21]} Qf6 30. Bg2 {[%clk 0:02:54]} b6
{[%clk 0:00:41]} 31. Qd2 {[%clk 0:02:42]} Nb7 {[%clk 0:00:47]} 32. Rb5
{[%clk 0:03:01]} Ra6 {[%clk 0:00:39]} 33. Qd5 {[%clk 0:02:44]} Nc5
{[%clk 0:00:35]} 34. Qc6 {[%clk 0:02:12]} Qg5 {[%clk 0:00:37]} 35. Kf2
{[%clk 0:01:17]} Qe7 {[%clk 0:00:33]} 36. Rxb6 {[%clk 0:01:04]} Rxb6
{[%clk 0:00:45]} 37. Qxb6 {[%clk 0:01:21]} a4 {[%clk 0:00:51]} 38. b4
{[%clk 0:01:26]} Ne6 {[%clk 0:01:08]} 39. Qc6 {[%clk 0:00:35]} Qa7+
{[%clk 0:00:58]} 40. Kf1 {[%clk 0:00:33]} Qe3 {[%clk 0:00:34]} 41. Rxd6
{[%clk 0:16:54]} Qc1+ {[%clk 0:20:08]} 42. Kf2 {[%clk 0:15:49]} Qc2+
{[%clk 0:19:41]} 43. Kg1 {[%clk 0:15:43]} Rxd6 {[%clk 0:15:39]} 44. Qxd6
{[%clk 0:15:44]} Qxa2 {[%clk 0:15:13]} 45. b5 {[%clk 0:10:56]} a3
{[%clk 0:13:52]} 46. Bf1 {[%clk 0:08:56]} Qb2 {[%clk 0:12:09]} 47. c5
{[%clk 0:08:21]} a2 {[%clk 0:11:23]} 48. c6 {[%clk 0:07:56]} a1=Q
{[%clk 0:10:04]} 49. c7 {[%clk 0:07:11]} Nxc7 {[%clk 0:07:13]} 0-1